LEADER 01901nam 2200469 450 001 000014751 005 20130605134515.0 010 $a0-387-98910-2 100 $a20030704d1996----km-y0itay0103----ba 101 0 $aeng 102 $aUS 200 1 $aBioorganic Chemistry$ea chemical approach to enzyme action$fHermann Dugas 205 $a3 ed 210 $aNew York$cSpringer$dc1996 215 $aXVII, 700 p., [2] p. di tav.$cill. (alcune color.)$d24 cm 225 2 $aSpringer advanced texts in chemistry 410 0$12001$aSpringer advanced texts in chemistry 606 $aEnzimi 676 $a572.7$v(22. ed.)$9Biochimica. Enzimi 700 1$aDugas,$bHermann$091341 801 0$aIT$bUniversità della Basilicata - B.I.A.$gRICA$2unimarc 912 $a000014751 996 $aBioorganic Chemistry$980371 997 $aUNIBAS BAS $aSCIENZE CAT $aSTD025$b01$c20030704$lBAS01$h1130 CAT $aTORRE$b20$c20030716$lBAS01$h1129 CAT $aTORRE$b20$c20030716$lBAS01$h1130 CAT $aTORRE$b20$c20030721$lBAS01$h1316 CAT $aTORRE$b20$c20030721$lBAS01$h1318 CAT $aTORRE$b20$c20030721$lBAS01$h1330 CAT $aTORRE$b20$c20030721$lBAS01$h1333 CAT $c20050601$lBAS01$h1755 CAT $abatch$b01$c20050718$lBAS01$h1052 CAT $c20050718$lBAS01$h1111 CAT $c20050718$lBAS01$h1141 CAT $c20050718$lBAS01$h1155 CAT $aTTM$b30$c20130605$lBAS01$h1345 FMT Z30 -1$lBAS01$LBAS01$mBOOK$1BASA2$APolo Tecnico-Scientifico$2DID$BDidattica$3CHI.SON.02.B3.16$6100223$5S100223$820030716$f04$FPrestabile Didattica Z30 -1$lBAS01$LBAS01$mBOOK$1BASA2$APolo Tecnico-Scientifico$2DID$BDidattica$3PTS.c3.p4.19$6100222$5T100222$820030716$f98$FConsultazione Z30 -1$lBAS01$LBAS01$mBOOK$1BASA2$APolo Tecnico-Scientifico$2DID$BDidattica$3PTS.c3.p4.19A$6111880$5T111880$820130605$f04$FPrestabile Didattica LEADER 02037nam 2200409 n 450 001 996383789203316 005 20200824121232.0 035 $a(CKB)1000000000582288 035 $a(EEBO)2240935463 035 $a(UnM)99867237e 035 $a(UnM)99867237 035 $a(EXLCZ)991000000000582288 100 $a19940505d1645 uy | 101 0 $aeng 135 $aurbn||||a|bb| 200 12$aA calcvlation for this present yeer, 1645$b[electronic resource] $eNot only according to the English and beyond-sea accounts, but also according to the word of God. Herein besides usuall matters, you have these particulars: 1 The occasion of this book, with the names and order of moneths and dayes used in the word: ... 2 A chronologie from the creation to Christs death, proved from the scriptures. ... 3 How many generations from Adam to Christ, ... 4 Of eight named in the word ... 5 The inventors or first in severall arts or actions, ... 6 A dialogue ... 7 The excellency and honour of England. 8 The several types of the 4. monarchies, ... And of the fifth, succeeding and far supassing them all. pag. 32. By H.J. minister of the Gospell 210 $aLondon $cprinted by M. Bell for the Company of Stationers$d[1645] 215 $a[32] p 300 $aH.J. = Henry Jessey. 300 $aPublication date from Wing. 300 $aAttributed by Wing (2nd ed. 1972) to Henry Jessop. 300 $aSignatures: A-B. 300 $a"1 The occasion .. pag. 32." bracketed on title page. 300 $aAnnotation on Thomason copy: "feb: 1st: 1644". 300 $aReproduction of the original in the British Library. 330 $aeebo-0018 607 $aGreat Britain$xHistory$yCivil War, 1642-1649$vEarly works to 1800 700 $aJessey$b Henry$f1603-1663.$0792733 702 $aJessop$b Henry 801 0$bCu-RivES 801 1$bCu-RivES 801 2$bCStRLIN 801 2$bWaOLN 906 $aBOOK 912 $a996383789203316 996 $aA calcvlation for this present yeer, 1645$92366489 997 $aUNISA LEADER 01068nam0 22002651i 450 001 UON00190277 005 20231205103211.646 010 $a88-15-03334-3 100 $a20030730d1991 |0itac50 ba 101 $aita 102 $aIT 105 $a|||| ||||| 200 1 $aˆLa ‰ fiera delle tasse$estati nazionali e mercato globale nell' età del consumismo$fGiulio Tremonti$gGiuseppe Vitaletti - Bologna$eIl Mulino, 1991. 240 p. ; 24cm. 410 1$1001UON00025366$12001 $aContemporanea$v49 606 $aEconomia$xStoria$3UONC034846$2FI 620 $aIT$dBologna$3UONL000085 700 1$aTremonti$bGiulio$3UONV107882$089693 701 1$aVITALETTI$bGiuseppe$3UONV111843$0122700 712 $aIl Mulino$3UONV245824$4650 801 $aIT$bSOL$c20251121$gRICA 899 $aSIBA - SISTEMA BIBLIOTECARIO DI ATENEO$2UONSI 912 $aUON00190277 950 $aSIBA - SISTEMA BIBLIOTECARIO DI ATENEO$dSI EUR D A 1864 $eSI SC 28299 5 1864 996 $aFiera delle tasse$952129 997 $aUNIOR